00392 2200169 4500245004800000020002200048250001100070100001300081700001400094650000800108005001900116260003200135041001400167084001000181300002200191336000900213 aAir dalam Kehidupan ManusiacTim PPLHhText a978-602-8179-39-3 aCet. 1 aTim PPLH aM. Sofyan aAir a20230209082621 aJakartabRizky Grafisc2008 aIndonesia a553.7 a30 hlm. :c21 cm. atext